Cover

LEADER 00000cas a22000007i 4500
001 28074
003 CZ-ZlUTB
005 20260330151632.0
008 050802c19569999xr zr p r 0 1cze d
022 |a 0032-2423 
040 |a ZLD002  |b cze  |c ZLD002  |d ZLD002  |e rda 
072 7 |a 5  |x Přírodní vědy. Matematické vědy  |2 Konspekt  |9 6 
080 |a 51  |2 MRF 
080 |a 53  |2 MRF 
080 |a 52  |2 MRF 
080 |a (051)-027.561  |2 MRF 
210 0 |a Pokroky mat. fyz. astron. 
222 0 |a Pokroky matematiky, fyziky a astronomie 
245 0 0 |a Pokroky matematiky, fyziky a astronomie 
246 3 |a Pokroky matematiky, fysiky & astronomie 
246 3 |a PMFA 
264 1 |a Praha :  |b Státní pedagogické nakladatelství,  |c 1956- 
264 2 1 |3 1957-1965  |a Praha :  |b Nakladatelství ČSAV 
264 2 1 |3 1966-1991  |a Praha :  |b Academia 
264 2 1 |3 1991-2019  |a Praha :  |b Jednota českých matematiků a fyziků ;  |a Bratislava :  |b Jednota slovenských matematikov a fyzikov 
264 3 1 |3 2020-  |a Praha :  |b Jednota českých matematiků a fyziků 
310 |a 4x ročně,  |b 1998- 
321 |a 6x ročně,  |b 1956-1997 
336 |a text  |b txt  |2 rdacontent 
337 |a bez média  |b n  |2 rdamedia 
338 |a svazek  |b nc  |2 rdacarrier 
650 0 7 |a matematika  |7 ph117231  |2 czenas 
650 0 7 |a fyzika  |7 ph114601  |2 czenas 
650 0 7 |a astronomie  |7 ph114088  |2 czenas 
650 0 9 |a mathematics  |2 eczenas 
650 0 9 |a physics  |2 eczenas 
650 0 9 |a astronomy  |2 eczenas 
655 7 |a odborné časopisy  |7 fd132951  |2 czenas 
655 9 |a professional journals  |2 eczenas 
710 2 |a Jednota československých matematiků a fyziků  |7 ola2002113655  |4 isb 
770 0 |t Zpravodaj Jednoty českých matematiků a fyziků 
780 0 1 |t Sovětská věda. Matematika - fysika - astronomie  |x 0490-0987 
856 4 1 |u https://dml.cz/handle/10338.dmlcz/140123  |y Digitalizovaný dokument (Czech Digital Mathematics Library) 
910 |a ZLD002  |r 1957-1992, 2025- 
942 |2 udc  |s 1 
952 |0 0  |1 0  |4 0  |7 0  |8 ISSBD  |9 64272  |a UTBZL  |b UTBZL  |c 001  |d 2006-07-29  |h 2, 1957, č.1-6  |l 0  |p B3227  |r 2019-08-25 00:00:00  |w 2019-08-25  |y 01 
952 |0 0  |1 0  |4 0  |7 0  |8 ISSBD  |9 64273  |a UTBZL  |b UTBZL  |c 001  |d 2006-07-29  |h 3, 1958,  |l 0  |p B3228  |r 2019-08-25 00:00:00  |w 2019-08-25  |y 01 
952 |0 0  |1 0  |4 0  |7 0  |8 ISSBD  |9 64274  |a UTBZL  |b UTBZL  |c 001  |d 2006-07-29  |h 4, 1959  |l 0  |p B3229  |r 2019-08-25 00:00:00  |w 2019-08-25  |y 01 
952 |0 0  |1 0  |4 0  |7 0  |8 ISSBD  |9 64275  |a UTBZL  |b UTBZL  |c 001  |d 2006-07-29  |h 5, 1960  |l 0  |p B3230  |r 2019-08-25 00:00:00  |w 2019-08-25  |y 01 
952 |0 0  |1 0  |4 0  |7 0  |8 ISSBD  |9 64276  |a UTBZL  |b UTBZL  |c 001  |d 2006-07-29  |h 6, 1961  |l 0  |p B3231  |r 2019-08-25 00:00:00  |w 2019-08-25  |y 01 
952 |0 0  |1 0  |4 0  |7 0  |8 ISSBD  |9 64277  |a UTBZL  |b UTBZL  |c 001  |d 2006-07-29  |h 7, 1962  |l 0  |p B3232  |r 2019-08-25 00:00:00  |w 2019-08-25  |y 01 
952 |0 0  |1 0  |4 0  |7 0  |8 ISSBD  |9 64278  |a UTBZL  |b UTBZL  |c 001  |d 2006-07-29  |h 8, 1963  |l 0  |p B3233  |r 2019-08-25 00:00:00  |w 2019-08-25  |y 01 
952 |0 0  |1 0  |4 0  |7 0  |8 ISSBD  |9 64279  |a UTBZL  |b UTBZL  |c 001  |d 2006-07-29  |h 9, 1964  |l 0  |p B3234  |r 2019-08-25 00:00:00  |w 2019-08-25  |y 01 
952 |0 0  |1 0  |4 0  |7 0  |8 ISSBD  |9 64280  |a UTBZL  |b UTBZL  |c 001  |d 2006-07-29  |h 10, 1965  |l 0  |p B3235  |r 2019-08-25 00:00:00  |w 2019-08-25  |y 01 
952 |0 0  |1 0  |4 0  |7 0  |8 ISSBD  |9 64281  |a UTBZL  |b UTBZL  |c 001  |d 2006-07-29  |h 11, 1966,  |l 0  |p B3236  |r 2019-08-25 00:00:00  |w 2019-08-25  |y 01 
952 |0 0  |1 0  |4 0  |7 0  |8 ISSBD  |9 64282  |a UTBZL  |b UTBZL  |c 001  |d 2006-07-29  |h 12, 1967  |l 0  |p B3237  |r 2019-08-25 00:00:00  |w 2019-08-25  |y 01 
952 |0 0  |1 0  |4 0  |7 0  |8 ISSBD  |9 64283  |a UTBZL  |b UTBZL  |c 001  |d 2006-07-29  |h 13, 1968  |l 0  |p B3238  |r 2019-08-25 00:00:00  |w 2019-08-25  |y 01 
952 |0 0  |1 0  |4 0  |7 0  |8 ISSBD  |9 64284  |a UTBZL  |b UTBZL  |c 001  |d 2006-07-29  |h 14, 1969  |l 0  |p B3239  |r 2019-08-25 00:00:00  |w 2019-08-25  |y 01 
952 |0 0  |1 0  |4 0  |7 0  |8 ISSBD  |9 64285  |a UTBZL  |b UTBZL  |c 001  |d 2006-07-29  |h 15, 1970  |l 0  |p B3240  |r 2019-08-25 00:00:00  |w 2019-08-25  |y 01 
952 |0 0  |1 0  |4 0  |7 0  |8 ISSBD  |9 64286  |a UTBZL  |b UTBZL  |c 001  |d 2006-07-29  |h 16, 1971  |l 0  |p B3241  |r 2019-08-25 00:00:00  |w 2019-08-25  |y 01 
952 |0 0  |1 0  |4 0  |7 0  |8 ISSBD  |9 64287  |a UTBZL  |b UTBZL  |c 001  |d 2006-07-29  |h 17, 1972  |l 0  |p B3242  |r 2019-08-25 00:00:00  |w 2019-08-25  |y 01 
952 |0 0  |1 0  |4 0  |7 0  |8 ISSBD  |9 64288  |a UTBZL  |b UTBZL  |c 001  |d 2006-07-29  |h 18, 1973  |l 0  |p B3243  |r 2019-08-25 00:00:00  |w 2019-08-25  |y 01 
952 |0 0  |1 0  |4 0  |7 0  |8 ISSBD  |9 64289  |a UTBZL  |b UTBZL  |c 001  |d 2006-07-29  |h 19, 1974  |l 0  |p B3244  |r 2019-08-25 00:00:00  |w 2019-08-25  |y 01 
952 |0 0  |1 0  |4 0  |7 0  |8 ISSBD  |9 64290  |a UTBZL  |b UTBZL  |c 001  |d 2006-07-29  |h 20, 1975  |l 0  |p B3245  |r 2019-08-25 00:00:00  |w 2019-08-25  |y 01 
952 |0 0  |1 0  |4 0  |7 0  |8 ISSBD  |9 64291  |a UTBZL  |b UTBZL  |c 001  |d 2006-07-29  |h 21, 1976, č.1-6  |l 0  |p B3246  |r 2019-08-25 00:00:00  |w 2019-08-25  |y 01 
952 |0 0  |1 0  |4 0  |7 0  |8 ISSBD  |9 64292  |a UTBZL  |b UTBZL  |c 001  |d 2006-07-29  |h 22, 1977, č.1-6  |l 0  |p B3247  |r 2019-08-25 00:00:00  |w 2019-08-25  |y 01 
952 |0 0  |1 0  |4 0  |7 0  |8 ISSBD  |9 64293  |a UTBZL  |b UTBZL  |c 001  |d 2006-07-29  |h 23, 1978, č.1-6  |l 0  |p B3248  |r 2019-08-25 00:00:00  |w 2019-08-25  |y 01 
952 |0 0  |1 0  |4 0  |7 0  |8 ISSBD  |9 64294  |a UTBZL  |b UTBZL  |c 001  |d 2006-07-29  |h 24, 1979, č.1-6  |l 0  |p B3249  |r 2019-08-25 00:00:00  |w 2019-08-25  |y 01 
952 |0 0  |1 0  |4 0  |7 0  |8 ISSBD  |9 64295  |a UTBZL  |b UTBZL  |c 001  |d 2006-07-29  |h 25, 1980, č.1-6  |l 0  |p B3250  |r 2019-08-25 00:00:00  |w 2019-08-25  |y 01 
952 |0 0  |1 0  |4 0  |7 0  |8 ISSBD  |9 64296  |a UTBZL  |b UTBZL  |c 001  |d 2006-07-29  |h 26, 1981, č.1-6  |l 0  |p B3251  |r 2019-08-25 00:00:00  |w 2019-08-25  |y 01 
952 |0 0  |1 0  |4 0  |7 0  |8 ISSBD  |9 64297  |a UTBZL  |b UTBZL  |c 001  |d 2006-07-29  |h 27, 1982, č.1-6  |l 0  |p B3252  |r 2019-08-25 00:00:00  |w 2019-08-25  |y 01 
952 |0 0  |1 0  |4 0  |7 0  |8 ISSBD  |9 64298  |a UTBZL  |b UTBZL  |c 001  |d 2006-07-29  |h 28, 1983, č.1-6  |l 0  |p B3253  |r 2019-08-25 00:00:00  |w 2019-08-25  |y 01 
952 |0 0  |1 0  |4 0  |7 0  |8 ISSBD  |9 64299  |a UTBZL  |b UTBZL  |c 001  |d 2006-07-29  |h 29, 1984, č.1-6  |l 0  |p B3254  |r 2019-08-25 00:00:00  |w 2019-08-25  |y 01 
952 |0 0  |1 0  |4 0  |7 0  |8 ISSBD  |9 64300  |a UTBZL  |b UTBZL  |c 001  |d 2006-07-29  |h 30, 1985, č.1-6  |l 0  |p B3255  |r 2019-08-25 00:00:00  |w 2019-08-25  |y 01 
952 |0 0  |1 0  |4 0  |7 0  |8 ISSBD  |9 64301  |a UTBZL  |b UTBZL  |c 001  |d 2006-07-29  |h 31, 1986, č.1-6  |l 0  |p B3256  |r 2019-08-25 00:00:00  |w 2019-08-25  |y 01 
952 |0 0  |1 0  |4 0  |7 0  |8 ISSBD  |9 64302  |a UTBZL  |b UTBZL  |c 001  |d 2006-07-29  |h 32, 1987, č.1-6  |l 0  |p B3257  |r 2019-08-25 00:00:00  |w 2019-08-25  |y 01 
952 |0 0  |1 0  |4 0  |7 0  |8 ISSBD  |9 64303  |a UTBZL  |b UTBZL  |c 001  |d 2006-07-29  |h 33, 1988, č.1-6 (chybí č.3)  |l 0  |p B3258  |r 2019-08-25 00:00:00  |w 2019-08-25  |y 01 
952 |0 0  |1 0  |4 0  |7 0  |8 ISSBD  |9 64304  |a UTBZL  |b UTBZL  |c 001  |d 2006-07-29  |h 34, 1989, č.1-6  |l 0  |p B3259  |r 2019-08-25 00:00:00  |w 2019-08-25  |y 01 
952 |0 0  |1 0  |4 0  |7 0  |8 ISSBD  |9 64305  |a UTBZL  |b UTBZL  |c 001  |d 2006-07-29  |h 35, 1990, č.1-6  |l 0  |p B3260  |r 2019-08-25 00:00:00  |w 2019-08-25  |y 01 
952 |0 0  |1 0  |4 0  |7 0  |8 ISSBD  |9 64306  |a UTBZL  |b UTBZL  |c 001  |d 2006-07-29  |h 36, 1991, č.1-6  |l 0  |p B3261  |r 2019-08-25 00:00:00  |w 2019-08-25  |y 01 
952 |0 0  |1 0  |4 0  |7 0  |8 ISSBD  |9 64307  |a UTBZL  |b UTBZL  |c 001  |d 2006-07-29  |h 37, 1992, č.1,2  |l 0  |p B3262  |r 2019-08-25 00:00:00  |w 2019-08-25  |y 01 
952 |0 0  |1 0  |2 udc  |4 0  |7 1  |8 ISSUE  |9 190364  |a UTBZL  |b UTBZL  |c 007  |d 2026-03-16  |h r.70:č.3(2025)  |l 0  |p 2026-0463  |r 2026-03-16 12:27:10  |w 2026-03-16  |y 09 
952 |0 0  |1 0  |2 udc  |4 0  |7 1  |8 ISSUE  |9 190931  |a UTBZL  |b UTBZL  |c 007  |d 2026-04-30  |h r.70:č.4(2025)  |l 0  |p 2026-0764  |r 2026-04-30 08:10:38  |w 2026-04-30  |y 09 
992 |b SK 
999 |c 28074  |d 28074